000
00306nam a22001337a 4500
008
190305b xxu||||| |||| 00| 0 eng d
020
_a
9781594120138
041
_a
eng
080
_a
710
100
_a
45
101
_a
ART
245
_a
The Giant Book of London from the Air
_c
Hawkes, J
942
_2
udc
_c
BK
999
_c
54526
_d
54526